HFI Education today in English and Hindi (Record no. 21509)

MARC details
000 -LEADER
fixed length control field 00607nam a22001577a 4500
008 - FIXED-LENGTH DATA ELEMENTS--GENERAL INFORMATION
fixed length control field 090120c xxu||||| |||| 00| 0 eng d
040 ## - CATALOGING SOURCE
Original cataloging agency dpl
082 ## - DEWEY DECIMAL CLASSIFICATION NUMBER
Classification number 370
245 ## - TITLE STATEMENT
Title HFI Education today in English and Hindi
Remainder of title for IX-X
260 ## - PUBLICATION, DISTRIBUTION, ETC. (IMPRINT)
Place of publication, distribution, etc New Delhi
Name of publisher, distributor, etc M. Gulab Singh and sons
Date of publication, distribution, etc 1991-
300 ## - PHYSICAL DESCRIPTION
Extent v.
Dimensions 26 cm
310 ## - CURRENT PUBLICATION FREQUENCY
Current publication frequency Monthly
270 ## - ADDRESS
Address Gulab Bhavan, 6, Bahadur Shah Zafar Marg,
City New Delhi
Postal code 110002
Telephone number 23317931, 23318301
Fax number 23319471
Electronic mail address mbdgroup@vsnl.net
942 ## - ADDED ENTRY ELEMENTS (KOHA)
Source of classification or shelving scheme Dewey Decimal Classification
Item type Periodicals
Classification part 370
Call number suffix HFI
Serial record 1
Holdings
Withdrawn status Lost status Source of classification or shelving scheme Damaged status Not for loan Collection code Home library Current library Date acquired Total Checkouts Full call number Date last seen Price effective from Koha item type
    Dewey Decimal Classification   Not For Loan Non-fiction D.B.Act.Division D.B.Act.Division 20/01/2009   370 HFI 20/01/2009 20/01/2009 Periodicals

© Delhi Public Library
Hit Counter
free hit counter